000
00190nam a22000977a 4500
082
_a
920
_b
JUL/J
100
_a
JULIA, GANESH
245
_a
JAWAHARLAL NEHRU
650
_a
SHORT STORY
942
_c
BK
999
_c
7667
_d
7667